Statistics for Geography Series #37

Click here to take the quiz!

General Stats

  • This quiz has been taken 21 times
  • The average score is 37 of 45

Answer Stats

Landlocked Countries% Correct
Bolivia
100%
Rwanda
100%
Nepal
95%
Paraguay
95%
Czech Republic
90%
Lesotho
90%
Luxembourg
90%
Mongolia
90%
Switzerland
90%
Tajikistan
90%
Armenia
85%
Austria
85%
Azerbaijan
85%
Burundi
85%
Central African Republic
85%
Chad
85%
Kazakhstan
85%
Mali
85%
Swaziland
85%
Turkmenistan
85%
Uzbekistan
85%
Zambia
85%
Zimbabwe
85%
Andorra
80%
Bhutan
80%
Burkina Faso
80%
Ethiopia
80%
Kyrgyzstan
80%
Laos
80%
Niger
80%
Uganda
80%
Vatican City
80%
Afghanistan
75%
Botswana
75%
Liechtenstein
75%
Malawi
75%
Serbia
75%
Slovakia
75%
South Sudan
75%
Hungary
70%
Moldova
70%
San Marino
70%
Belarus
60%
Kosovo
60%
Macedonia
55%

Score Distribution

Percentile by Number Answered

Percent of People with Each Score

Your Score History

You have not taken this quiz